Normal view
MARC view
- Sahu,D.D
Entry Personal Name
001 - CONTROL NUMBER
- control field: 2095
003 - CONTROL NUMBER IDENTIFIER
- control field: NUST
005 - DATE AND TIME OF LATEST TRANSACTION
- control field: 20170606131759.0
008 - FIXED-LENGTH DATA ELEMENTS
- fixed length control field: 170606|| aca||aabn | a|a d
040 ## - CATALOGING SOURCE
- Original cataloging agency: NUST
- Transcribing agency: NUST
100 ## - HEADING--PERSONAL NAME
- Personal name: Sahu,D.D
670 ## - SOURCE DATA FOUND
- Source citation: Work cat.: (NUST): Sahu,D.D, Remote Sensing:, 2012
